50 Safest Colleges Quiz Stats

 Plays Quiz not verified by Sporcle

Also try: Pattern Sleuth
Challenge
Share
Tweet
Embed
Score 0/50 Timer 10:00
0 Plays Today
City, State College % Correct
College Station, TXTexas A&M
58.7%
Provo, UTBYU
54.3%
Pocatello, IDIdaho State
28.3%
Missoula, MTUniversity of Montana
19.6%
Moscow, IDUniversity of Idaho
17.4%
Hamden, CTQuinnipiac
15.2%
University, MSUniversity of Mississippi
15.2%
Huntington, WVMarshall
15.2%
New Britain, CTCentral Connecticut State
10.9%
Allendale, MIGrand Valley State
8.7%
Winona, MNWinona State
8.7%
Green Bay, WIUniversity of Wisconsin - Green Bay
8.7%
La Crosse, WIUniversity of Wisconsin - La Crosse
8.7%
Oshkosh, WIUniversity of Wisconsin - Oshkosh
8.7%
Huntsville, ALUniversity of Alabama - Huntsville
8.7%
Lynchburg, VALiberty University
6.5%
Cedar Falls, IAUniversity of Northern Iowa
6.5%
Hays, KSFort Hays State
6.5%
Marion, INIndiana Wesleyan
4.3%
Edwardsville, ILSouthern Illinois University - Edwardsville
4.3%
La Verne, CAUniversity of La Verne
4.3%
Russellville, ARArkansas Tech
4.3%
Vincennes, INVincennes
4.3%
Milwaukee, WICardinal Stritch
2.2%
New Albany, INIndiana University - Southeast
2.2%
City, State College % Correct
Farmingdale, NYFarmingdale State
2.2%
New York, NYFashion Institute of Technology
2.2%
Omaha, NEUniversity of Nebraska - Omaha
2.2%
Brookville, NYLong Island University
2.2%
Milledgeville, GAGeorgia College and State University
2.2%
Huntsville, TXSam Houston State
2.2%
Slippery Rock, PASlippery Rock University of Pennsylvania
2.2%
Jersey City, NJNew Jersey City University
2.2%
Old Westbury, NYNew York Institute of Technology - Old Westbury
0%
Brooklyn, NYLong Island University - Brooklyn
0%
Wichita Falls, TXMidwestern State
0%
New York, NYTouro College
0%
New York, NYPace University - New York
0%
Grand Rapids, MIDavenport
0%
Morrow, GAClayton State
0%
Edinburg, TXUniversity of Texas - Pan-American
0%
Phoenix, AZGrand Canyon University
0%
Teaneck, NJFairleigh Dickinson University - Metropolitan Campus
0%
New York, NYCUNY Hunter College
0%
Brownsville, TXUniversity of Texas - Brownsville
0%
St. George, UTDixie State College of Utah
0%
Providence, RIRhode Island College
0%
Davie, FLNova Southeastern
0%
Columbus, GAColumbus State
0%
Dallas, TXTexas Woman's University
0%

You're not logged in!

Compare scores with friends on all Sporcle quizzes.
Join for Free
OR
Log In

You Might Also Like...

Show Comments

Extras

Top Quizzes Today


Score Distribution

Your Account Isn't Verified!

In order to create a playlist on Sporcle, you need to verify the email address you used during registration. Go to your Sporcle Settings to finish the process.

Report this User

Report this user for behavior that violates our Community Guidelines.

Details: